000 00986nam a22002177a 4500
999 _c18691
_d18691
003 AR-CdUCM
008 190515b ||||| |||| 00| 0 spa d
040 _aMUNICIPALIDAD PROVINCIAL DEL CUSCO
_cBIBLIOTECA MUNICIPAL DEL CUSCO
082 _a913.919 /
_bB23
100 _aDe la Barra, Felipe
_939429
245 _aTumbes Jaén y Maynas :
_bEstudio integral de la controversia limítrofe Peruano - Ecuatoriana hasta el pacto de Río de Janeiro y su renuencia por el País de norte con sinopsis histórica de las operaciones militares en 1941 y contenido de tre mapas /
260 _aLima :
_bDiet colegio real,
300 _a99 páginas ;
_c25 cm.
505 _aContenido : El virreynato del Peru -- El Peru y la gran Colombia -- Cien años de renuencia Ecuatoriana...
650 _aVirreynato
_9428
650 _aExpedición militar de Castilla
_939430
650 _aTratado Monteagudo
_939431
700 _aDe la Riva Aguero, Jose
_927860
942 _2ddc
_cLIBROS
945 _arcc